000 00405nam a2200169Ia 4500
100 _aWebb/Chris/ Ferrari/A
650 _aSQL
942 _cBK
366 _f20
654 _aSQL server 2008
245 _aExpert cube development with microsoft SQL server 2008 analysis services
260 _bSPD-Packt
_c2009
082 _a5.133
_bWEB
300 _a342
546 _aENGLISH
_cComputers
999 _c32546
_d32546